Sporcle's Easiest Entertainment Quiz Stats

Quiz Updated Mar 22, 2016

Challenge
Share
Tweet
Embed
Score 0/30 Timer 05:00
9 Plays Today
Hint Answer % Correct
Crayola Crayon ColorsRed
98.3%
Crayola Crayon ColorsBlue
98%
Crayola Crayon ColorsGreen
97.4%
Crayola Crayon ColorsYellow
97.1%
Batman VillainsThe Joker
95.5%
Crayola Crayon ColorsViolet (Purple)
88.4%
Peanuts CharactersCharlie Brown
84.6%
Peanuts CharactersSnoopy
82.5%
X-MenWolverine
80.3%
Batman VillainsPenguin
78.2%
Disney on BroadwayThe Lion King
75.7%
12 Signs of the ZodiacCancer
72.6%
12 Signs of the ZodiacLeo
70.5%
Batman VillainsThe Riddler
65.6%
Peanuts CharactersLinus van Pelt
63.6%
Hint Answer % Correct
Peanuts CharactersLucy van Pelt
63.1%
12 Signs of the ZodiacTaurus
62%
12 Signs of the ZodiacGemini
60.1%
12 Signs of the ZodiacCapricorn
59.7%
Batman VillainsCatwoman
57.4%
Disney on BroadwayBeauty and the Beast
56.5%
X-MenProfessor X
53.2%
X-MenStorm
53.1%
X-MenCyclops
49.1%
Peanuts CharactersWoodstock
47%
Batman VillainsTwo-Face
45.9%
Disney on BroadwayAladdin
42.1%
Disney on BroadwayThe Little Mermaid
36.8%
X-MenBeast
31.2%
Disney on BroadwayMary Poppins
20.5%

You're not logged in!

Compare scores with friends on all Sporcle quizzes.
Sign Up with Email
OR
Log In

You Might Also Like...

Show Comments

Extras

Top Quizzes Today


Score Distribution

Your Account Isn't Verified!

In order to create a playlist on Sporcle, you need to verify the email address you used during registration. Go to your Sporcle Settings to finish the process.